| 000 | 01063cam a22002531i 4500 | ||
|---|---|---|---|
| 003 | SA_RiAUC | ||
| 005 | 20250706061627.0 | ||
| 008 | 250705s2005____su g 000 0 ara c | ||
| 040 |
_aSA-MaBBL _bara _cSA-RiAUC _erda |
||
| 082 | 0 | 4 | _a252.25 |
| 090 |
_a252.25 _b هـ ا ش |
||
| 100 | 1 |
_aالهاشم، عبد الرحيم بن إبراهيم بن عبد الرحمن _eمؤلف. |
|
| 245 | 1 | 0 |
_aحكم التراويح والزيادة فيها على إحد عشرة ركعة / _cعبد الرحيم بن إبراهيم بن عبد الرحمن السيد الهاشم. |
| 250 | _aالطبعة الأولى. | ||
| 264 | 1 |
_aالدمام، السعودية : _bدار ابن الجوزي، _c2005 |
|
| 300 |
_a96 صفحة ؛ _c20 سم. |
||
| 336 |
_aنص _btxt _2rdacontent _3كتاب |
||
| 337 |
_aبدون وسيط _bn _2rdamedia |
||
| 338 |
_aمجلد _bnc _2rdacarrier |
||
| 490 | 0 |
_aسلسلة بحوث فقهية محكمة ؛ _v1 |
|
| 650 | 7 |
_aصلاة التراويح _2aucsh |
|
| 942 |
_2ddc _cBOOK _n0 |
||
| 949 |
_aSA-JeALM _d250705 _umohamedma123 _n1 |
||
| 999 |
_c9521 _d9521 |
||